Movies Quiz

Random Movies or Director Quiz
Score 0/9 Timer 02:00
0 Plays Today
% Correct
Tom Hanks
70.9%
Morgan Freeman
70.1%
Steven Spielberg
66.6%
Clint Eastwood
65.3%
Meryl Streep
62.1%
George Clooney
51.6%
Lucille Ball
51.4%
Walt Disney
48.6%
Oprah Winfrey
44%
Remove Ads.
Support Sporcle.
Get the best of Sporcle when you Go Orange. This ad-free experience offers more features, more stats, and more fun while also helping to support Sporcle. Thank you for becoming a member.

You're not logged in!

Compare scores with friends on all Sporcle quizzes.
OR
Log In

Sporcle TV

Today on Sporcle TV


Watch our educational content, quiz creation guides, and fun videos on Sporcle TV.

Show Comments

Extras

Top Quizzes Today


Score Distribution

Paid Content

Your Account Isn't Verified!

In order to create a playlist on Sporcle, you need to verify the email address you used during registration. Go to your Sporcle Settings to finish the process.

Report this User

Report this user for behavior that violates our Community Guidelines.

Details: